[Event "DEM U16 2023"]
[Site "Willingen GER"]
[Date "2023.06.01"]
[Round "7"]
[White "Maul, Maik"]
[Black "Demchenko, Yaroslav"]
[Result "1-0"]
[Termination "normal"]
[Board "13"]
[WhiteElo "1803"]
[BlackElo "1814"]
[WhiteClock "01:05:51"]
[BlackClock "00:16:45"]
[PlyCount "130"]
[WhiteFideId "16204816"]
[BlackFideId "14186667"]
[EventCountry "GER"]
[EventRounds "9"]
[EventType "swiss"]
[EventDate "2023.05.27"]

1. e4 {[%clk 01:30:54]} {[%emt 00:00:04]} c5 {[%emt 00:00:38]} 2. Nf3 {[%emt
00:00:06]} Nc6 {[%clk 01:30:13]} {[%emt 00:00:04]} 3. d4 {[%clk 01:30:26]}
{[%emt 00:00:59]} cxd4 {[%clk 01:30:38]} {[%emt 00:00:05]} 4. Nxd4 {[%clk
01:30:50]} {[%emt 00:00:05]} g6 {[%clk 01:31:06]} {[%emt 00:00:02]} 5. Nc3
{[%clk 01:30:46]} {[%emt 00:00:35]} Bg7 {[%clk 01:31:32]} {[%emt 00:00:04]} 6.
Be3 {[%clk 01:30:30]} {[%emt 00:00:45]} Nf6 {[%clk 01:31:16]} {[%emt 00:00:46]}
7. f4 {[%clk 01:29:18]} {[%emt 00:01:42]} d6 {[%clk 01:07:23]} {[%emt
00:24:24]} 8. Be2 {[%clk 01:29:20]} {[%emt 00:00:28]} O-O {[%clk 00:59:24]}
{[%emt 00:08:29]} 9. O-O {[%clk 01:29:35]} {[%emt 00:00:15]} Qb6 {[%clk
00:52:05]} {[%emt 00:07:49]} 10. e5 {[%clk 01:21:21]} {[%emt 00:08:44]} dxe5
{[%clk 00:45:40]} {[%emt 00:06:55]} 11. fxe5 {[%clk 01:19:30]} {[%emt
00:02:21]} Nxe5 {[%clk 00:44:29]} {[%emt 00:01:40]} 12. Nf5 {[%clk 01:19:37]}
{[%emt 00:00:24]} Qe6 {[%clk 00:44:02]} {[%emt 00:00:57]} 13. Nxg7 {[%clk
01:18:55]} {[%emt 00:01:11]} Kxg7 {[%clk 00:44:28]} {[%emt 00:00:05]} 14. Qd4
{[%clk 01:14:27]} {[%emt 00:04:59]} h6 {[%clk 00:28:08]} {[%emt 00:16:49]} 15.
Nb5 {[%clk 01:10:25]} {[%emt 00:04:31]} Neg4 {[%clk 00:22:32]} {[%emt
00:06:07]} 16. Bxg4 {[%clk 01:09:52]} {[%emt 00:01:03]} Qxg4 {[%clk 00:22:58]}
{[%emt 00:00:04]} 17. Nc7 {[%clk 01:09:02]} {[%emt 00:01:19]} Rb8 {[%clk
00:21:20]} {[%emt 00:02:08]} 18. Qxa7 {[%clk 01:08:14]} {[%emt 00:01:18]} Bf5
{[%clk 00:21:05]} {[%emt 00:00:45]} 19. Qc5 {[%clk 01:01:52]} {[%emt 00:06:52]}
Qe4 {[%clk 00:17:29]} {[%emt 00:04:06]} 20. Rae1 {[%clk 01:01:41]} {[%emt
00:00:41]} Qxc2 {[%clk 00:17:35]} {[%emt 00:00:25]} 21. Qxe7 {[%clk 01:01:44]}
{[%emt 00:00:26]} Qc6 {[%clk 00:14:59]} {[%emt 00:03:06]} 22. Bd4 {[%clk
01:00:05]} {[%emt 00:02:08]} Rfd8 {[%clk 00:15:17]} {[%emt 00:00:12]} 23. Qxf6+
{[%clk 01:00:23]} {[%emt 00:00:13]} Qxf6 {[%clk 00:15:42]} {[%emt 00:00:04]}
24. Bxf6+ {[%clk 01:00:49]} {[%emt 00:00:04]} Kxf6 {[%clk 00:16:09]} {[%emt
00:00:04]} 25. g4 {[%clk 01:01:14]} {[%emt 00:00:05]} Rbc8 {[%clk 00:16:23]}
{[%emt 00:00:16]} 26. Nb5 {[%clk 01:00:53]} {[%emt 00:00:51]} Rc2 {[%clk
00:16:21]} {[%emt 00:00:32]} 27. gxf5 {[%clk 01:00:04]} {[%emt 00:01:19]} Rdd2
{[%clk 00:16:46]} {[%emt 00:00:05]} 28. fxg6+ {[%clk 00:59:53]} {[%emt
00:00:42]} Kxg6 {[%clk 00:17:09]} {[%emt 00:00:06]} 29. Rf3 {[%clk 00:59:40]}
{[%emt 00:00:43]} Rg2+ {[%clk 00:17:35]} {[%emt 00:00:04]} 30. Kf1 {[%clk
00:58:54]} {[%emt 00:01:17]} Rxb2 {[%clk 00:16:54]} {[%emt 00:01:10]} 31. Nd6
{[%clk 00:58:14]} {[%emt 00:01:10]} Rxh2 {[%clk 00:15:31]} {[%emt 00:01:53]}
32. Rg3+ {[%clk 00:58:18]} {[%emt 00:00:27]} Kh7 {[%clk 00:15:57]} {[%emt
00:00:04]} 33. Kg1 {[%clk 00:57:35]} {[%emt 00:01:13]} Rhd2 {[%clk 00:07:34]}
{[%emt 00:08:53]} 34. Ne4 {[%clk 00:54:22]} {[%emt 00:03:43]} Rd8 {[%clk
00:07:46]} {[%emt 00:00:19]} 35. a4 {[%clk 00:52:20]} {[%emt 00:02:31]} h5
{[%clk 00:05:00]} {[%emt 00:03:17]} 36. Rf1 {[%clk 00:51:19]} {[%emt 00:01:31]}
f6 {[%clk 00:03:36]} {[%emt 00:01:54]} 37. Nxf6+ {[%clk 00:50:58]} {[%emt
00:00:51]} Kh6 {[%clk 00:04:02]} {[%emt 00:00:04]} 38. Ng8+ {[%clk 00:45:32]}
{[%emt 00:05:56]} Kh7 {[%clk 00:04:27]} {[%emt 00:00:04]} 39. Ne7 {[%clk
00:45:56]} {[%emt 00:00:06]} Rb4 {[%clk 00:02:55]} {[%emt 00:02:03]} 40. Rf5
{[%clk 00:44:52]} {[%emt 00:01:33]} Rd1+ {[%clk 00:02:08]} {[%emt 00:01:17]}
41. Kh2 {[%clk 00:44:09]} {[%emt 00:01:14]} Rb2+ {[%clk 00:29:18]} {[%emt
00:03:19]} 42. Rg2 {[%clk 01:14:32]} {[%emt 00:00:08]} Rxg2+ {[%clk 00:29:36]}
{[%emt 00:00:12]} 43. Kxg2 {[%clk 01:14:57]} {[%emt 00:00:05]} Kh6 {[%clk
00:28:12]} {[%emt 00:01:53]} 44. Rb5 {[%clk 01:13:05]} {[%emt 00:02:23]} Rd7
{[%clk 00:28:05]} {[%emt 00:00:33]} 45. Nf5+ {[%clk 01:13:09]} {[%emt
00:00:31]} Kg5 {[%clk 00:22:57]} 46. Nd6+ {[%clk 01:08:16]} {[%emt 00:10:59]}
Kf4 {[%clk 00:20:45]} {[%emt 00:02:43]} 47. Rb4+ {[%clk 01:07:38]} {[%emt
00:01:08]} Ke3 {[%emt 00:07:05]} 48. Nxb7 {[%clk 01:07:29]} {[%emt 00:00:06]}
Rg7+ {[%clk 00:15:09]} {[%emt 00:00:03]} 49. Kh3 {[%clk 01:06:14]} {[%emt
00:01:46]} Kf3 {[%clk 00:13:44]} {[%emt 00:01:54]} 50. Kh4 {[%clk 01:00:56]}
{[%emt 00:05:48]} Rg4+ {[%clk 00:13:56]} {[%emt 00:00:19]} 51. Rxg4 {[%clk
01:01:22]} {[%emt 00:00:03]} hxg4 {[%clk 00:14:23]} {[%emt 00:00:03]} 52. Nc5
{[%clk 01:01:46]} {[%emt 00:00:06]} g3 {[%clk 00:14:11]} {[%emt 00:00:42]} 53.
Nd3 {[%clk 01:02:12]} {[%emt 00:00:04]} g2 {[%clk 00:12:46]} {[%emt 00:01:56]}
54. Ne1+ {[%clk 01:02:39]} {[%emt 00:00:04]} Ke4 {[%clk 00:11:14]} {[%emt
00:02:01]} 55. Nxg2 {[%clk 01:03:05]} {[%emt 00:00:05]} Kd4 {[%clk 00:11:31]}
{[%emt 00:00:13]} 56. Ne3 {[%clk 01:02:47]} {[%emt 00:00:48]} Kc5 {[%clk
00:11:57]} {[%emt 00:00:03]} 57. Nd1 {[%clk 01:03:13]} {[%emt 00:00:04]} Kb4
{[%clk 00:12:18]} 58. Nb2 {[%clk 01:03:39]} {[%emt 00:00:14]} Ka5 {[%clk
00:12:39]} {[%emt 00:00:09]} 59. Kg4 {[%clk 01:04:03]} {[%emt 00:00:05]} Ka6
{[%clk 00:12:57]} {[%emt 00:00:12]} 60. Kf4 {[%clk 01:04:28]} {[%emt 00:00:06]}
Ka5 {[%clk 00:13:22]} {[%emt 00:00:05]} 61. Ke4 {[%clk 01:04:44]} {[%emt
00:00:14]} Ka6 {[%clk 00:13:48]} {[%emt 00:00:05]} 62. Kd4 {[%clk 01:04:43]}
{[%emt 00:00:30]} Ka5 {[%clk 00:14:10]} {[%emt 00:00:07]} 63. Kc5 {[%clk
01:05:02]} {[%emt 00:00:11]} Ka6 {[%clk 00:14:36]} {[%emt 00:00:04]} 64. Nc4
{[%clk 01:05:28]} {[%emt 00:00:03]} Ka7 {[%clk 00:15:01]} {[%emt 00:00:05]} 65.
Kb5 {[%clk 01:05:51]} {[%emt 00:00:07]} Kb8 {[%clk 00:16:45]} {[%emt 00:00:36]}
1-0

[Event "DEM U16 2023"]
[Site "Willingen GER"]
[Date "2023.06.01"]
[Round "7"]
[White "Oldenburg, Max Leonard"]
[Black "Fathke, Luke"]
[Result "0-1"]
[Termination "normal"]
[Board "14"]
[WhiteElo "1825"]
[BlackElo "1637"]
[WhiteClock "00:01:04"]
[BlackClock "00:00:33"]
[PlyCount "76"]
[WhiteFideId "34660348"]
[BlackFideId "16230230"]
[EventCountry "GER"]
[EventRounds "9"]
[EventType "swiss"]
[EventDate "2023.05.27"]

1. e4 {[%clk 01:30:59]} c6 {[%clk 01:30:03]} {[%emt 00:00:58]} 2. d4 {[%clk
01:31:23]} {[%emt 00:00:05]} d5 {[%clk 01:30:24]} {[%emt 00:00:10]} 3. f3
{[%clk 01:31:50]} {[%emt 00:00:04]} e6 {[%clk 01:29:59]} {[%emt 00:00:55]} 4.
Nc3 {[%clk 01:32:09]} {[%emt 00:00:10]} Bb4 {[%clk 01:29:35]} {[%emt 00:00:54]}
5. Qd3 {[%clk 01:32:02]} {[%emt 00:00:36]} Ne7 {[%clk 01:28:45]} {[%emt
00:01:22]} 6. Be3 {[%clk 01:31:54]} {[%emt 00:00:37]} b6 {[%clk 01:27:05]}
{[%emt 00:02:11]} 7. O-O-O {[%clk 01:29:13]} {[%emt 00:03:11]} Ba6 {[%clk
01:24:59]} {[%emt 00:02:36]} 8. Qd2 {[%clk 01:29:35]} {[%emt 00:00:06]} Bxf1
{[%clk 01:24:51]} {[%emt 00:00:39]} 9. Rxf1 {[%clk 01:29:59]} {[%emt 00:00:07]}
Nd7 {[%clk 01:21:42]} {[%emt 00:03:38]} 10. a3 {[%clk 01:27:58]} {[%emt
00:02:31]} Bxc3 {[%clk 01:19:58]} {[%emt 00:02:15]} 11. Qxc3 {[%clk 01:28:20]}
{[%emt 00:00:08]} O-O {[%clk 01:19:48]} {[%emt 00:00:40]} 12. h4 {[%clk
01:26:45]} {[%emt 00:02:05]} f5 {[%clk 01:08:16]} {[%emt 00:12:04]} 13. exf5
{[%clk 01:15:46]} {[%emt 00:11:27]} Nxf5 {[%clk 00:54:16]} {[%emt 00:14:31]}
14. Bf2 {[%clk 01:11:47]} {[%emt 00:04:29]} Rc8 {[%clk 00:44:49]} {[%emt
00:09:56]} 15. g4 {[%clk 01:06:00]} {[%emt 00:06:16]} Nd6 {[%clk 00:41:26]}
{[%emt 00:03:55]} 16. h5 {[%clk 00:58:37]} {[%emt 00:07:53]} Qf6 {[%clk
00:33:36]} {[%emt 00:08:19]} 17. h6 {[%clk 00:51:35]} {[%emt 00:07:33]} g6
{[%clk 00:29:57]} {[%emt 00:04:08]} 18. Qe1 {[%clk 00:33:30]} {[%emt 00:18:35]}
c5 {[%clk 00:26:02]} {[%emt 00:04:27]} 19. Bh4 {[%clk 00:24:26]} {[%emt
00:09:32]} g5 {[%clk 00:22:48]} {[%emt 00:03:45]} 20. Bg3 {[%clk 00:23:41]}
{[%emt 00:01:15]} Nf7 {[%clk 00:20:35]} {[%emt 00:02:44]} 21. Kb1 {[%clk
00:17:48]} {[%emt 00:06:22]} cxd4 {[%clk 00:19:52]} {[%emt 00:01:14]} 22. f4
{[%clk 00:16:36]} {[%emt 00:01:42]} Nxh6 {[%clk 00:15:11]} {[%emt 00:05:11]}
23. Nh3 {[%clk 00:14:13]} {[%emt 00:02:52]} Nf7 {[%clk 00:09:52]} {[%emt
00:05:51]} 24. Nxg5 {[%clk 00:11:40]} {[%emt 00:03:02]} Nxg5 {[%clk 00:08:58]}
{[%emt 00:01:24]} 25. Bh4 {[%clk 00:09:25]} {[%emt 00:02:45]} Qg6 {[%clk
00:08:13]} {[%emt 00:01:14]} 26. Bxg5 {[%clk 00:06:46]} {[%emt 00:03:09]} Qxc2+
{[%clk 00:07:53]} {[%emt 00:00:50]} 27. Ka1 {[%clk 00:07:15]} Qe4 {[%clk
00:05:26]} {[%emt 00:02:58]} 28. Qh4 {[%clk 00:05:27]} {[%emt 00:02:18]} Rf7
{[%clk 00:05:16]} {[%emt 00:00:40]} 29. Re1 {[%clk 00:04:47]} {[%emt 00:01:10]}
Qg6 {[%clk 00:04:59]} {[%emt 00:00:47]} 30. Qg3 {[%clk 00:03:32]} {[%emt
00:01:45]} Nf8 {[%clk 00:04:39]} {[%emt 00:00:50]} 31. Rh6 {[%clk 00:03:05]}
{[%emt 00:00:58]} Qg7 {[%clk 00:02:29]} {[%emt 00:02:40]} 32. Qh4 {[%clk
00:02:31]} {[%emt 00:01:04]} Ng6 {[%clk 00:01:05]} {[%emt 00:01:54]} 33. Qh2
{[%clk 00:02:19]} {[%emt 00:00:40]} Re8 {[%clk 00:01:16]} {[%emt 00:00:21]} 34.
f5 {[%clk 00:01:42]} {[%emt 00:01:07]} Nf8 {[%clk 00:01:15]} {[%emt 00:00:31]}
35. Bf4 {[%clk 00:01:38]} {[%emt 00:00:33]} e5 {[%clk 00:01:05]} {[%emt
00:00:41]} 36. Bxe5 {[%clk 00:01:21]} {[%emt 00:00:47]} Rxe5 {[%clk 00:00:36]}
{[%emt 00:00:59]} 37. Rxe5 {[%clk 00:01:41]} {[%emt 00:00:11]} Qxg4 {[%clk
00:00:37]} {[%emt 00:00:28]} 38. Rh3 {[%clk 00:01:04]} {[%emt 00:01:04]} Kh8
{[%clk 00:00:33]} {[%emt 00:00:35]} 0-1

[Event "DEM U16 2023"]
[Site "Willingen GER"]
[Date "2023.06.03"]
[Round "9"]
[White "Petrovskiy, Vadim"]
[Black "von Mettenheim, Johannes"]
[Result "1/2-1/2"]
[Termination "normal"]
[Board "2"]
[WhiteTitle "IM"]
[WhiteElo "2417"]
[BlackElo "2329"]
[WhiteClock "00:39:06"]
[BlackClock "01:00:58"]
[PlyCount "47"]
[WhiteFideId "14165210"]
[BlackFideId "16244818"]
[EventCountry "GER"]
[EventRounds "9"]
[EventType "swiss"]
[EventDate "2023.05.27"]

1. e4 {[%clk 01:30:58]} {[%emt 00:00:01]} c6 {[%clk 01:30:40]} {[%emt
00:00:20]} 2. d4 {[%clk 01:31:24]} {[%emt 00:00:04]} d5 {[%clk 01:31:05]}
{[%emt 00:00:05]} 3. Nc3 {[%clk 01:31:51]} {[%emt 00:00:02]} dxe4 {[%clk
01:31:24]} {[%emt 00:00:12]} 4. Nxe4 {[%clk 01:32:17]} {[%emt 00:00:04]} Nf6
{[%clk 01:31:41]} {[%emt 00:00:13]} 5. Nxf6+ {[%clk 01:32:42]} {[%emt
00:00:05]} exf6 {[%clk 01:32:05]} {[%emt 00:00:06]} 6. c3 {[%clk 01:33:08]}
{[%emt 00:00:03]} Bd6 {[%clk 01:32:17]} {[%emt 00:00:17]} 7. Bd3 {[%clk
01:33:33]} {[%emt 00:00:06]} O-O {[%clk 01:32:36]} {[%emt 00:00:12]} 8. Qc2
{[%clk 01:33:59]} {[%emt 00:00:04]} c5 {[%clk 01:32:53]} {[%emt 00:00:12]} 9.
dxc5 {[%clk 01:26:54]} {[%emt 00:07:35]} Bxc5 {[%clk 01:33:17]} {[%emt
00:00:07]} 10. Ne2 {[%clk 01:26:45]} {[%emt 00:00:39]} g6 {[%clk 01:32:51]}
{[%emt 00:00:56]} 11. O-O {[%clk 01:25:55]} {[%emt 00:01:20]} Nc6 {[%clk
01:31:40]} {[%emt 00:01:41]} 12. Bh6 {[%clk 01:23:49]} {[%emt 00:02:36]} Re8
{[%clk 01:32:04]} {[%emt 00:00:05]} 13. Rad1 {[%clk 01:23:45]} {[%emt
00:00:36]} Qb6 {[%clk 01:31:17]} {[%emt 00:01:16]} 14. b4 {[%clk 01:06:25]}
{[%emt 00:17:51]} Bf8 {[%clk 01:27:53]} {[%emt 00:03:54]} 15. Bxf8 {[%clk
01:05:45]} {[%emt 00:01:10]} Kxf8 {[%clk 01:28:12]} {[%emt 00:00:10]} 16. h3
{[%clk 01:05:46]} {[%emt 00:00:28]} Ne5 {[%clk 01:21:57]} {[%emt 00:06:45]} 17.
Nf4 {[%clk 01:06:09]} {[%emt 00:00:08]} Be6 {[%clk 01:20:11]} {[%emt 00:02:16]}
18. Nxe6+ {[%clk 01:06:05]} {[%emt 00:00:30]} Qxe6 {[%clk 01:17:18]} {[%emt
00:03:26]} 19. Be4 {[%clk 01:05:47]} {[%emt 00:00:49]} Qb6 {[%clk 01:15:52]}
{[%emt 00:01:57]} 20. a4 {[%clk 00:56:42]} {[%emt 00:09:35]} Rac8 {[%clk
01:14:04]} {[%emt 00:02:18]} 21. Rd5 {[%clk 00:54:33]} {[%emt 00:02:38]} Nc4
{[%clk 01:03:40]} {[%emt 00:10:55]} 22. Bf3 {[%clk 00:50:58]} {[%emt 00:04:05]}
Ne5 {[%clk 01:01:30]} {[%emt 00:02:40]} 23. Be4 {[%clk 00:51:15]} {[%emt
00:00:13]} Nc4 {[%clk 01:00:58]} {[%emt 00:01:01]} 24. Bf3 {[%clk 00:39:06]}
{[%emt 00:12:39]} 1/2-1/2

[Event "DEM U16 2023"]
[Site "Willingen GER"]
[Date "2023.06.03"]
[Round "9"]
[White "Lübke, Florentin"]
[Black "Bashirov, Kemal"]
[Result "1/2-1/2"]
[Termination "normal"]
[Board "3"]
[WhiteElo "1988"]
[BlackElo "2197"]
[WhiteClock "00:27:53"]
[BlackClock "00:40:09"]
[PlyCount "40"]
[WhiteFideId "16281799"]
[BlackFideId "14183650"]
[EventCountry "GER"]
[EventRounds "9"]
[EventType "swiss"]
[EventDate "2023.05.27"]

1. e4 {[%clk 01:30:57]} {[%emt 00:00:02]} c5 {[%clk 01:30:57]} {[%emt
00:00:04]} 2. Nf3 {[%clk 01:31:22]} {[%emt 00:00:05]} d6 {[%clk 01:31:23]}
{[%emt 00:00:04]} 3. d4 {[%clk 01:31:47]} {[%emt 00:00:05]} cxd4 {[%clk
01:31:49]} {[%emt 00:00:04]} 4. Nxd4 {[%clk 01:32:11]} {[%emt 00:00:06]} Nf6
{[%clk 01:32:13]} {[%emt 00:00:06]} 5. Nc3 {[%clk 01:32:35]} {[%emt 00:00:07]}
a6 {[%clk 01:32:40]} {[%emt 00:00:02]} 6. g3 {[%clk 01:32:58]} {[%emt
00:00:07]} e5 {[%clk 01:31:54]} {[%emt 00:01:17]} 7. Nde2 {[%clk 01:33:21]}
{[%emt 00:00:07]} Be7 {[%clk 01:30:04]} {[%emt 00:02:19]} 8. Bg2 {[%clk
01:33:10]} {[%emt 00:00:41]} O-O {[%clk 01:29:46]} {[%emt 00:00:49]} 9. O-O
{[%clk 01:31:16]} {[%emt 00:02:23]} Nc6 {[%clk 01:29:01]} {[%emt 00:01:15]} 10.
a4 {[%clk 01:25:41]} {[%emt 00:06:05]} Nb4 {[%clk 01:24:41]} {[%emt 00:04:51]}
11. b3 {[%clk 01:13:30]} {[%emt 00:12:40]} Be6 {[%clk 00:58:26]} {[%emt
00:26:46]} 12. Ba3 {[%clk 01:13:09]} {[%emt 00:00:50]} Nc6 {[%clk 00:55:12]}
{[%emt 00:03:44]} 13. Qd2 {[%clk 01:02:31]} {[%emt 00:11:08]} Qc7 {[%clk
00:48:54]} {[%emt 00:06:48]} 14. h3 {[%clk 00:47:15]} {[%emt 00:15:45]} Rfd8
{[%clk 00:42:59]} {[%emt 00:06:25]} 15. Nd5 {[%clk 00:44:13]} {[%emt 00:03:31]}
Bxd5 {[%clk 00:41:31]} {[%emt 00:01:59]} 16. exd5 {[%clk 00:44:38]} {[%emt
00:00:05]} Nb8 {[%clk 00:41:57]} {[%emt 00:00:04]} 17. a5 {[%clk 00:42:29]}
{[%emt 00:02:39]} b5 {[%clk 00:40:19]} {[%emt 00:02:08]} 18. axb6 {[%emt
00:01:22]} Qxb6 {[%clk 00:40:44]} {[%emt 00:00:03]} 19. Bb4 {[%clk 00:39:39]}
{[%emt 00:02:28]} Qb7 {[%clk 00:39:51]} {[%emt 00:01:24]} 20. c4 {[%clk
00:27:53]} {[%emt 00:12:17]} Nbd7 {[%clk 00:40:09]} {[%emt 00:00:12]} 1/2-1/2

[Event "DEM U16 2023"]
[Site "Willingen GER"]
[Date "2023.06.03"]
[Round "9"]
[White "Lebzak, Jaroslav"]
[Black "Ohler, Julius"]
[Result "1/2-1/2"]
[Termination "normal"]
[Board "4"]
[WhiteElo "2138"]
[BlackElo "2220"]
[WhiteClock "00:42:27"]
[BlackClock "00:32:33"]
[PlyCount "57"]
[WhiteFideId "44105851"]
[BlackFideId "16238982"]
[EventCountry "GER"]
[EventRounds "9"]
[EventType "swiss"]
[EventDate "2023.05.27"]

1. e4 {[%clk 01:30:58]} {[%emt 00:00:01]} c5 {[%clk 01:30:53]} {[%emt
00:00:07]} 2. Nf3 {[%clk 01:31:19]} {[%emt 00:00:09]} a6 {[%clk 01:31:18]}
{[%emt 00:00:06]} 3. Nc3 {[%clk 01:31:23]} {[%emt 00:00:26]} Nc6 {[%clk
01:25:51]} {[%emt 00:05:57]} 4. d4 {[%clk 01:31:40]} {[%emt 00:00:12]} cxd4
{[%clk 01:26:17]} {[%emt 00:00:04]} 5. Nxd4 {[%clk 01:32:07]} {[%emt 00:00:04]}
e5 {[%clk 01:26:22]} {[%emt 00:00:25]} 6. Nf5 {[%clk 01:32:05]} {[%emt
00:00:32]} d6 {[%clk 01:25:40]} {[%emt 00:01:12]} 7. Bc4 {[%clk 01:31:22]}
{[%emt 00:01:14]} Be6 {[%clk 01:21:18]} {[%emt 00:04:52]} 8. Bb3 {[%clk
01:27:23]} {[%emt 00:04:28]} Bxb3 {[%clk 01:17:44]} {[%emt 00:04:06]} 9. axb3
{[%clk 01:27:44]} {[%emt 00:00:09]} g6 {[%clk 01:17:42]} {[%emt 00:00:32]} 10.
Ne3 {[%clk 01:27:28]} {[%emt 00:00:46]} Nge7 {[%clk 01:16:41]} {[%emt
00:01:31]} 11. Ned5 {[%clk 01:24:32]} {[%emt 00:03:26]} Nxd5 {[%clk 01:15:38]}
{[%emt 00:01:34]} 12. Nxd5 {[%clk 01:17:52]} {[%emt 00:07:10]} Bg7 {[%clk
01:15:51]} {[%emt 00:00:17]} 13. h4 {[%clk 01:17:36]} {[%emt 00:00:46]} h6
{[%clk 01:12:21]} {[%emt 00:04:01]} 14. h5 {[%clk 01:11:09]} {[%emt 00:06:57]}
g5 {[%clk 01:12:46]} {[%emt 00:00:04]} 15. O-O {[%clk 01:11:08]} {[%emt
00:00:31]} O-O {[%clk 01:12:56]} {[%emt 00:00:20]} 16. c3 {[%clk 01:11:13]}
{[%emt 00:00:25]} Ne7 {[%clk 01:09:54]} {[%emt 00:03:31]} 17. g4 {[%clk
01:11:26]} {[%emt 00:00:17]} Nxd5 {[%clk 01:09:16]} {[%emt 00:01:09]} 18. Qxd5
{[%clk 01:11:45]} {[%emt 00:00:10]} Qd7 {[%clk 01:09:42]} {[%emt 00:00:04]} 19.
f3 {[%clk 01:11:24]} {[%emt 00:00:51]} Rfc8 {[%clk 01:09:43]} {[%emt 00:00:30]}
20. Be3 {[%clk 01:10:32]} {[%emt 00:01:22]} Rc6 {[%clk 01:02:49]} {[%emt
00:07:24]} 21. Rfd1 {[%clk 01:10:38]} {[%emt 00:00:22]} Rac8 {[%clk 00:59:11]}
{[%emt 00:04:09]} 22. Qd3 {[%clk 00:57:46]} {[%emt 00:13:22]} Bf8 {[%clk
00:57:51]} {[%emt 00:01:50]} 23. Qc2 {[%clk 00:57:52]} {[%emt 00:00:24]} Be7
{[%clk 00:54:46]} {[%emt 00:03:34]} 24. Rd5 {[%clk 00:55:43]} {[%emt 00:02:39]}
Qe6 {[%clk 00:55:10]} {[%emt 00:00:07]} 25. Rad1 {[%clk 00:55:30]} {[%emt
00:00:43]} b5 {[%clk 00:52:00]} {[%emt 00:03:39]} 26. Qf2 {[%clk 00:51:56]}
{[%emt 00:04:03]} Rb8 {[%clk 00:49:05]} {[%emt 00:03:26]} 27. Qe2 {[%clk
00:45:38]} {[%emt 00:06:49]} Bd8 {[%clk 00:39:44]} {[%emt 00:09:52]} 28. Qd3
{[%clk 00:42:12]} {[%emt 00:03:55]} Bb6 {[%clk 00:32:33]} {[%emt 00:07:41]} 29.
Kg2 {[%clk 00:42:27]} {[%emt 00:00:15]} 1/2-1/2